• 首页
  • 本馆介绍
  • 公告通知
  • 最新文献
  • 馆藏检索
  • 电子资源
  • 读者导购
  • 参考咨询
  • 我的图书馆
  • 登录
  • 详细信息显示
  • 放入我的书架
  • 预约/预借图书
  • 作者相关作品
  • 分类相关作品
  • 丛书相关作品
  • 出版社相关作品

书目信息

  • 表格格式
  • 工作单格式
  • 卡片格式
题名:
眼前有堵透明的墙
    
 
作者: 陈勇 著
分册:  
出版信息: 长春   东北师范大学出版社  2017
页数: 228页
开本: 24cm
丛书名: 名师名校名校长书系
单 册:
中图分类: G633.955.2
科图分类:
主题词: 美术课--中小学--师资培养--研究
电子资源:
ISBN: 978-7-5681-2977-0
000 00990oam2 2200253 450
001 012001004155
005 20131016134349.0
010    @a978-7-5681-2977-0@dCNY36.00
100    @a20180513d2017 em y0chiy50 ea
101 0  @achi
102    @aCN@b220000
105    @aa z 000yy
106    @ar
200 1  @a眼前有堵透明的墙@9yan qian you du tou ming de qiang@e美术教师成长的选择@f陈勇著
210    @a长春@c东北师范大学出版社@d2017
215    @a228页@c彩照@d24cm
225 1  @a名师名校名校长书系
330    @a本书力求引领教师挖掘认知潜能,达成自我实现和自我超越。我们在探讨教师的专业化发展过程中,围绕专业理念与师德发展,专业知识、专业能力以及身心健康与个性化发展等方面,对几十个案例进行深入研究分析,努力再现一名优秀教师在成长与生活中的认知模式和思维方式。
461  0 @12001 @a名师名校名校长书系
606 0  @a美术课@x中小学@x师资培养@x研究
690    @aG633.955.2@v5
701  0 @a陈勇@9chen yong@4著
801  0 @aCN@b江苏凤凰@c20191020
905    @b1234918-21@dG633.955.2@e177@f4
    
    眼前有堵透明的墙:美术教师成长的选择/陈勇著.-长春:东北师范大学出版社,2017
    228页:彩照;24cm.-(名师名校名校长书系)
    
    
    ISBN 978-7-5681-2977-0:CNY36.00
    本书力求引领教师挖掘认知潜能,达成自我实现和自我超越。我们在探讨教师的专业化发展过程中,围绕专业理念与师德发展,专业知识、专业能力以及身心健康与个性化发展等方面,对几十个案例进行深入研究分析,努力再现一名优秀教师在成长与生活中的认知模式和思维方式。
●
相关链接 在E读中查询图书 在五车中查询图书 在当当中查询图书 在豆瓣中查询图书


正题名:眼前有堵透明的墙     索取号:G633.955.2/177         预约/预借

序号 登录号 条形码 馆藏地/架位号 状态 备注
1 1234918   212349181   第一样本阅览室/ [索取号:G633.955.2/177] 在馆    
2 1234919   212349190   第四借阅区/ [索取号:G633.955.2/177] 在馆    
3 1234920   212349207   第四借阅区/ [索取号:G633.955.2/177] 在馆    
4 1234921   212349216   教育系资料室/ [索取号:G633.955.2/177] 在馆    
唐山师范学院图书馆 欢迎您!
大连网信软件有限公司© 版权所有